000
00269nam a2200121Ia 4500
100
_a
None
650
_a
General
942
_c
BK
654
_a
Open Access II
245
_a
Open Access II
260
_b
Soft ware Product International
_a
Munich
_c
1986
546
_a
ENGLISH
999
_c
30202
_d
30202